Same Character Different Actor Quiz Stats

 Plays Quiz Updated Dec 11, 2018

     
Support Sporcle.
Go Orange.
Score 0/22 Timer 06:00
24 Plays Today
Actors Character % Correct
Jack Nicholson & Heath LedgerThe Joker
97%
Sean Connery & Daniel CraigJames Bond
88.9%
Michael Keaton & Christian BaleBatman/Bruce Wayne
87.1%
William Shatner & Chris PineJames T. Kirk
71.5%
Gene Wilder & Johnny DeppWilly Wonka
68.6%
Frank Sinatra & George ClooneyDanny Ocean
57%
Ewan McGregor & Alec GuinnessObi-Wan Kenobi
51.5%
Bela Lugosi & Christopher LeeDracula
45.9%
Jodie Foster & Julianne MooreClarice Starling
41.1%
Marlon Brando & Robert De NiroVito Corleone
40.9%
Rebecca Romijn & Jennifer LawrenceMystique
39.6%
Actors Character % Correct
Errol Flynn & Kevin CostnerRobin Hood
37.6%
Anne Hathaway & Michelle PfeifferCatwoman
35.6%
Peter Sellers & Steve MartinInspector Jacques Clouseau
35.2%
Anthony Perkins & Vince VaughnNorman Bates
33.8%
Richard Harris & Michael GambonAlbus Dumbledore
30.1%
Steve McQueen & Pierce BrosnanThomas Crown
25.6%
Edward Furlong & Christian BaleJohn Connor
25.3%
Margot Kidder & Amy AdamsLois Lane
23.7%
Anthony Hopkins & Frank LangellaRichard Nixon
23.3%
Alec Baldwin & Ben AffleckJack Ryan
22.7%
Bryce Dallas Howard & Emma StoneGwen Stacy
15.7%

From the Vault

Evolution of Countries

by Edelweiss

History 5m
To balance things out, we'll have to publish Creation of Countries next week.
Remove Ads.
Support Sporcle.
Get the best of Sporcle when you Go Orange. This ad-free experience offers more features, more stats, and more fun while also helping to support Sporcle. Thank you for becoming a member.

Show Comments

Extras

Top Quizzes Today


Score Distribution

Your Account Isn't Verified!

In order to create a playlist on Sporcle, you need to verify the email address you used during registration. Go to your Sporcle Settings to finish the process.

Report this User

Report this user for behavior that violates our Community Guidelines.

Details: